000
00304nam a22001337a 4500
020
_a
978-9356349087
082
_a
425
_b
OSW/E
245
_a
XI ENGLISH CORE
_b
CBSE QUESTION BANK
250
_a
19
260
_a
AGRA
_b
OSWALL BOOKS
300
_a
199
650
_a
ENGLISH QUESTION BANK XI
_z
DELHI
942
_c
BK
999
_c
6873
_d
6873